| 000 | 01425nam a2200349 4500 | ||
|---|---|---|---|
| 001 | 0000019127 | ||
| 003 | CO-CtgCURN | ||
| 005 | 20250407171150.0 | ||
| 007 | ta | ||
| 008 | 160627e199800 000 0 eng d | ||
| 020 | _a9701020413 | ||
| 040 |
_aCO-CtgCURN _bspa _ccoctgcurn |
||
| 082 | 0 |
_a610 _bS15 |
|
| 100 | 1 | _aSalinas Cantú, Hernán. | |
| 245 | 1 | 0 |
_aHistoria y filosofa médica : _b¿dónde está el origen de la vida? / _cHernán Salinas Cantú. |
| 250 | _a2a ed. | ||
| 260 |
_aMéxico : _bMcGraw-Hill, _cc1998. |
||
| 300 |
_aix, 141 p. : _bil. |
||
| 336 | _2rdacontent | ||
| 337 |
_2rdamedia _asin mediacion _bn |
||
| 338 |
_2rdacarrier _avolumen _bnc |
||
| 504 | _aBibliografía (p. 131-132) | ||
| 505 | 8 | _aMedicina primitiva.--Medicina científica.--Medicina Mesopotámica.--Medicina Egipcia.--Medicina Hebrea.--Medicina Hindú.--Medicina China.--Medicina Griega.--Medicina Latina o Romana.--Medicina Árabe.--Medicina Náhuatl.--Las culturas alimenticias Mexicana y Europea.--Enfermedades llegadas de Europa y otras propias de América.--La medicina científica | |
| 650 | 1 | 4 |
_aMedicina _vHistoria. |
| 650 | 1 | 4 | _aFilosofía. |
| 650 | 1 | 4 | _aFilosofía médica. |
| 650 | 1 | 4 | _aMetodología en medicina. |
| 908 | _a160627 | ||
| 942 |
_cBK _h610 _iS15 _2ddc _n0 |
||
| 999 |
_c21290 _d21290 |
||